000 00806nam a2200229 i 4500
001 176395
003 ES-MaACL
005 20250826083548.0
008 110113s1970 sp |||| | spa d
080 _a347.788.1(460)
100 1 _aDesantes Guanter, José María.
_943818
245 1 3 _aLa relación contractual entre autor y editor /
_cJosé María Desantes.
260 _aPamplona :
_bUniversidad de Navarra,
_c1970.
300 _a298 p. ;
_c23 cm.
490 1 _aCuadernos de trabajo ;
_v14
504 _aBibliografía: p. 285-288.
650 4 _aContratos de edición-
_zEspaña.
_911329
710 2 _aUniversidad de Navarra.
_97252
830 0 0 _aCuadernos de trabajo (Universidad de Navarra)
_v14
_9190017
852 _aES-MaACL
_jE-14028
_x- Olim P-428-Ter
999 _c176395
_d176395